| 000 | 00767nam a2200241 a 4500 | ||
|---|---|---|---|
| 001 | 46621 | ||
| 003 | BD-RjUL | ||
| 005 | 20211209054159.0 | ||
| 008 | 160803s1956 enk b 001 0 eng | ||
| 035 | _a(BD-RjUL)46740 | ||
| 040 |
_aDLC _cMnStclS _dBD-RjUL _beng |
||
| 041 | _aeng | ||
| 082 |
_a352.042 _223 _bRID 1956 |
||
| 100 | 1 |
_aRichards, Peter G. _9142171 |
|
| 245 | 1 | 0 |
_aDelegation in local government : _bcounty to district councils / _cPeter G. Richards. |
| 260 |
_aLondon : _bG. Allen & Unwin, _c1956 |
||
| 300 |
_a184 p. ; _c23 cm. |
||
| 490 | 0 | _aThe New town and county hall series | |
| 504 | _aIncludes bibliography. | ||
| 650 | 0 |
_aDelegation of powers _zGreat Britain. _9142172 |
|
| 650 | 0 |
_aLocal government _zGreat Britain. _9142173 |
|
| 942 |
_2ddc _cBK |
||
| 999 |
_c46621 _d46621 |
||